Pracheen Bharat ka prachchhan itihas (Record no. 78569)

MARC details
000 -LEADER
fixed length control field 00351nam a2200145Ia 4500
008 - FIXED-LENGTH DATA ELEMENTS--GENERAL INFORMATION
fixed length control field 230917s9999||||xx |||||||||||||| ||und||
040 ## - CATALOGING SOURCE
-- 215506
Original cataloging agency VIVEKANANDA LIBRARY
041 ## - Language
-- English
082 ## - DDC NUMBER
Classification number 954.01 A48P
100 ## - MAIN ENTRY--PERSONAL NAME
Personal name Arun
245 #0 - TITLE STATEMENT
Title Pracheen Bharat ka prachchhan itihas
260 ## - PUBLICATION, DISTRIBUTION, ETC. (IMPRINT)
Place of publication, distribution, etc Meerut
Name of publisher, distributor, etc Anu Books
Date of publication, distribution, etc 1993
300 ## - PHYSICAL DESCRIPTION
Pages viii, 336 p.
942 ## - ADDED ENTRY ELEMENTS (KOHA)
Koha item type Books
Holdings
Withdrawn status Lost status Damaged status Not for loan Location (home branch) Sublocation or collection (holding branch) Date acquired Koha issues (times borrowed) Koha full call number Accession No. Koha date last seen Koha item type
        VIVEKANANDA LIBRARY VIVEKANANDA LIBRARY 11/04/2014   954.01 A48P 154648 17/09/2023 Books
© Designed and Maintained by Vivekananda Library, MDU Rohtak